Catálogo público

Diversidad y observaciones ecológicas del estrato arboreo del bosque mesófilo, Rancho Las Cañadas, Xicotepec, Puebla/ (Record no. 220655)

MARC details
000 -CABECERA
campo de control de longitud fija 03936nam a2200325 a 4500
003 - IDENTIFICADOR DEL NÚMERO DE CONTROL
campo de control OSt
005 - FECHA Y HORA DE LA ÚLTIMA TRANSACCIÓN
campo de control 20250805091711.0
007 - CAMPO FIJO DE DESCRIPCIÓN FÍSICA--INFORMACIÓN GENERAL
campo de control de longitud fija cr ||||||a|a|a
008 - DATOS DE LONGITUD FIJA--INFORMACIÓN GENERAL
campo de control de longitud fija 250620s2025 mx a|||fom||| 001 0 spa d
040 ## - FUENTE DE LA CATALOGACIÓN
Normas de descripción rda
100 1# - ENTRADA PRINCIPAL--NOMBRE DE PERSONA
Nombre de persona Carrasco Amador, José Alfredo
9 (RLIN) 190496
245 10 - MENCIÓN DE TÍTULO
Título Diversidad y observaciones ecológicas del estrato arboreo del bosque mesófilo, Rancho Las Cañadas, Xicotepec, Puebla/
Mención de responsabilidad, etc. por José Alfredo Carrasco Amador; director de tesis Maricruz Rangel Galván; secretario Emma Estrada Martínez; vocal Ernestina Cedillo Portugal; suplente Andrés Gelacio Miranda Moreno; suplente Diana Guerra Ramírez.
264 #1 - PRODUCCIÓN, PUBLICACIÓN, DISTRIBUCIÓN, FABRICACIÓN Y COPYRIGHT
Producción, publicación, distribución, fabricación y copyright Chapingo, México :
Nombre del de productor, editor, distribuidor, fabricante El autor,
Fecha de producción, publicación, distribución, fabricación o copyright 2024.
300 ## - DESCRIPCIÓN FÍSICA
Extensión 1 recurso en línea (71 páginas):
Otras características físicas cuadros, figuras.
336 ## - TIPO DE CONTENIDO
Fuente rdacontent
Término de tipo de contenido texto
Código de tipo de contenido txt
337 ## - TIPO DE MEDIO
Fuente rdamedia
Nombre/término del tipo de medio computadora
Código del tipo de medio c
338 ## - TIPO DE SOPORTE
Fuente rdacarrier
Nombre/término del tipo de soporte recurso en línea
Código del tipo de soporte cr
502 ## - NOTA DE TESIS
Tipo de título Ingeniería en Restauración Forestal
Nombre de la institución que otorga el título División de Ciencias Forestales,
Año de obtención del título 2024.
Información miscelánea Licenciatura
504 ## - NOTA DE BIBLIOGRAFÍA, ETC.
Nota de bibliografía, etc. Incluye referencias bibliográficas: páginas 53-60.
520 ## - SUMARIO, ETC.
Sumario, etc. El bosque mesófilo de montaña (BMM) es uno de los ecosistemas más prioritarios a nivel mundial para la conservación y restauración, dado que se encuentra gravemente amenazado por la deforestación y el cambio climático. Este ecosistema cubre menos del 1% del territorio nacional, pero es de gran importancia debido a su alta biodiversidad y a su capacidad para proveer servicios ecosistémicos. En este estudio se analizó la diversidad de especies del estrato arbóreo en el rancho "Las Cañadas", ubicado en el municipio de Xicotepec, en la Sierra Norte del estado de Puebla, con vegetación característica de BMM. Mediante la evaluación de cinco índices de diversidad y los parámetros ecológicos de dominancia, frecuencia y valor de importancia relativa, ajustados a un modelo de muestreo por punto cuadrante y senderos biológicos, se determinó el grado de diversidad del predio y su relación con el estado de conservación del BMM. Los resultados mostraron una alta diversidad en el predio, con 21 especies registradas en un estrato arbóreo que cubre más de 20 hectáreas, representando el 25% de la superficie total del rancho. Los parámetros ecológicos revelaron que las especies con mayor peso ecológico en esta comunidad son Quercus oleoides, Quercus xalapensis, y Pleuranthodendron lindenii. De los cinco índices de diversidad evaluados, el índice de Margalef resultó ser el más adecuado para la evaluación de la vegetación de BMM en transectos biológicos, ya que fue el menos influenciado por variables como la extensión del área, la frecuencia de las especies registradas o el carácter matemático de la fórmula, mientras que los índices de Shannon y McIntosh fueron los más sensibles a cambios en estas variables. El modelo de muestreo por punto cuadrante y senderos biológicos permitió un análisis adecuado de la diversidad, considerando las diferencias en extensión, relieve, grado de conservación y uso del suelo en cada una de las zonas del predio. Este estudio subraya que la conservación del BMM está condicionada por los diferentes grados de presión humana en las distintas áreas analizadas. Es esencial desarrollar más proyectos que investiguen la biodiversidad y fomenten estrategias de conservación en la región, utilizando al rancho "Las Cañadas" como ejemplo para garantizar la protección del BMM.
650 #4 - PUNTO DE ACCESO ADICIONAL DE MATERIA--TÉRMINO DE MATERIA
Término de materia o nombre geográfico como elemento de entrada Árboles
Subdivisión general Identificación
9 (RLIN) 82437
650 #4 - PUNTO DE ACCESO ADICIONAL DE MATERIA--TÉRMINO DE MATERIA
Término de materia o nombre geográfico como elemento de entrada Bosques
Subdivisión general Conservación
9 (RLIN) 187168
700 1# - PUNTO DE ACCESO ADICIONAL--NOMBRE DE PERSONA
Nombre de persona Rangel Galván, Maricruz
9 (RLIN) 190693
Término indicativo de función/relación director de tesis.
700 1# - PUNTO DE ACCESO ADICIONAL--NOMBRE DE PERSONA
Nombre de persona Estrada Martínez, Emma
9 (RLIN) 38407
Término indicativo de función/relación secretario.
700 1# - PUNTO DE ACCESO ADICIONAL--NOMBRE DE PERSONA
Nombre de persona Cedillo Portugal, Ernestina
9 (RLIN) 20850
Término indicativo de función/relación vocal.
700 1# - PUNTO DE ACCESO ADICIONAL--NOMBRE DE PERSONA
Nombre de persona Miranda Moreno, Andrés Gelacio
9 (RLIN) 76095
Término indicativo de función/relación suplente.
700 1# - PUNTO DE ACCESO ADICIONAL--NOMBRE DE PERSONA
Nombre de persona Guerra Ramírez, Diana
Término indicativo de función/relación suplente.
9 (RLIN) 149184
856 ## - LOCALIZACIÓN Y ACCESO ELECTRÓNICOS
Identificador Uniforme del Recurso http://10.13.5.2/tesis/tl/1710347-7_CARRASCO_AMADOR_JOSEALFREDO.pdf
Nota pública DESCARGAR PDF
942 ## - ELEMENTOS DE PUNTO DE ACCESO ADICIONAL (KOHA)
Fuente del sistema de clasificación o colocación Clasificación Universidad Autónoma Chapingo
Tipo de ítem Koha Tesis digital
Holdings
Estado de retiro Estado de pérdida Fuente del sistema de clasificación o colocación Estado dañado Restricciones de uso No para préstamo Código de colección Localización permanente Ubicación/localización actual Ubicación en estantería Fecha de adquisición Total de préstamos Signatura topográfica completa Fecha visto por última vez Precio válido a partir de Tipo de ítem Koha
    Clasificación Universidad Autónoma de Chapingo   Préstamo interno   Tesis digitales de Licenciatura Biblioteca Digital Biblioteca Digital En línea 20/06/2025   Tesis digital 20/06/2025 20/06/2025 Tesis digital